000 00329nam a2200145Ia 4500
008 230917s9999||||xx |||||||||||||| ||und||
040 _e54757
_aMAIN
041 _aEnglish
082 _a861.6 N358S
100 _aNeruda, Pablo
245 0 _aSelected poems
260 _bPenguin Books
_c1975
300 _a225 p.
942 _cBK
999 _c180751
_d180751